[Event "IECC O-2702"]
[Site "IECC email"]
[Date "2007.11.30"]
[Round "?"]
[White "Garcia, Ruben"]
[Black "Reed, Arthur"]
[Result "1/2-1/2"]
[WhiteElo "1953"]
[BlackElo "1967"]
[PlyCount "100"]
[EventDate "2007.??.??"]
[EventType "swiss (corr)"]
[EventRounds "2"]
[SourceTitle "Corr 2020"]
[Source "ChessBase"]
[SourceDate "2019.09.30"]
[SourceVersion "1"]
[SourceVersionDate "2019.09.30"]
[SourceQuality "1"]
[WhiteTeam "Spain"]
[BlackTeam "England"]
[WhiteTeamCountry "ESP"]
[BlackTeamCountry "ENG"]

1. e4 c5 2. Nf3 d6 3. d4 cxd4 4. Nxd4 Nf6 5. Nc3 a6 6. Bc4 e6 7. Bb3 Nc6 8. 0-0 Be7 9. Be3 0-0 10. f4 Qc7 11. f5 Nxd4 12. Bxd4 b5 13. fxe6 Bxe6 14. Qd3 Bc4 15. Qg3 Bxf1 16. Nd5 Qd8 17. Rxf1 Ne8 18. Rf4 Kh8 19. Rg4 Rg8 20. Nxe7 Qxe7 21. Qh3 f6 22. Rh4 g5 23. Bxg8 Kxg8 24. Rg4 Rc8 25. c3 Rc7 26. Qf3 Qe6 27. h4 h5 28. Rg3 g4 29. Qf4 Qxa2 30. Bxf6 Nxf6 31. Qxf6 Rg7 32. Kh2 Qc4 33. Qxd6 Qxe4 34. Qxa6 Qe7 35. Qc8+ Kh7 36. Qf5+ Kh6 37. Qf4+ Kg6 38. Re3 Qxh4+ 39. Kg1 Qf6 40. Qe4+ Qf5 41. Qe6+ Qxe6 42. Rxe6+ Kf5 43. Rb6 g3 44. Rxb5+ Ke4 45. Rxh5 Ra7 46. Kf1 Rf7+ 47. Ke1 Rf2 48. b4 Rxg2 49. Kf1 Rf2+ 50. Kg1 Rc2 1/2-1/2